000 00627nam a2200217Ii 4500
001 5470
003 CO-ViMGA
008 241108s9999||||xx |||||||||||||| ||und||
020 _a9582806923
040 _aCO-ViMGA
_bspa
_erda
_cCO-ViMGA
041 0 _aunk
084 _aN KEN3l
100 1 _aThomas Keneally
_957139
245 1 0 _aLa lista de Schindler
264 1 _a[Lugar de publicación no identificado] : Círculo de Lectores, 1994
300 _avolumen
336 _atext
_btxt
_2rdacontent
337 _aunmediated
_bn
_2rdamedia
338 _avolume
_bnc
_2rdacarrier
940 _aidficha_siabuc: 5325. -- ficha_no_siabuc:5470
999 _c55387
_d55387